书目信息 |
| 题名: |
教学媒体的理论与实践
|
|
| 作者: | 李运林 , 徐福荫 编著 | |
| 分册: | ||
| 出版信息: | 北京 北京师范大学出版社 2003.08 |
|
| 页数: | 574页 | |
| 开本: | 23cm | |
| 丛书名: | ||
| 单 册: | ||
| 中图分类: | G431 | |
| 科图分类: | ||
| 主题词: | 电化教学--高等学校--教材 , 电化教学 | |
| 电子资源: | ||
| ISBN: | 978-7-303-06332-1 | |
| 000 | 00947nam0 2200265 45 | |
| 001 | 1356784656 | |
| 005 | 20130515093651.57 | |
| 010 | @a978-7-303-06332-1@dCNY39.00 | |
| 100 | @a20130108e20082003ekmy0chiy0120 ea | |
| 101 | 0 | @achi |
| 102 | @aCN@b110000 | |
| 105 | @ay z 000yy | |
| 106 | @ar | |
| 200 | 1 | @a教学媒体的理论与实践@AJiao Xue Mei Ti De Li Lun Yu Shi Jian@f李运林,徐福荫编著@FLi Yun Lin, Xu Fu Yin Bian Zhu |
| 210 | @a北京@c北京师范大学出版社@d2003.08@h2008.01 | |
| 215 | @a574页@d23cm | |
| 300 | @a面向21世纪课程教材教育技术学专业主干课程系列教材 | |
| 330 | @a本书介绍了教学媒体的基本概念、基本理论、基础理论和应用理论,并介绍光学投影媒体、电声媒体、电视媒体、计算机媒体等的应用系统知识。 | |
| 606 | 0 | @a电化教学@x高等学校@j教材 |
| 606 | 0 | @a电化教学 |
| 690 | @aG431@v5 | |
| 701 | 0 | @a李运林@ALi Yun Lin@4编著 |
| 701 | 0 | @a徐福荫@AXu Fu Yin@4编著 |
| 801 | @aCN@bTANGWEI@c20130108 | |
| 905 | @b0829291-95@dG431@e103@f5 | |
| 教学媒体的理论与实践/李运林,徐福荫编著.-北京:北京师范大学出版社,2003.08(2008.01) |
| 574页;23cm |
| 面向21世纪课程教材教育技术学专业主干课程系列教材 |
| ISBN 978-7-303-06332-1:CNY39.00 |
| 本书介绍了教学媒体的基本概念、基本理论、基础理论和应用理论,并介绍光学投影媒体、电声媒体、电视媒体、计算机媒体等的应用系统知识。 |
| ● |
| 相关链接 |
|
|
|
|
正题名:教学媒体的理论与实践
索取号:G431/103
 
预约/预借
| 序号 | 登录号 | 条形码 | 馆藏地/架位号 | 状态 | 备注 |
| 1 | 0829291 | 208292916 | 第一样本阅览室/ [索取号:G431/103] | 在馆 | |
| 2 | 0829292 | 208292925 | 第四借阅区/ [索取号:G431/103] | 在馆 | |
| 3 | 0829293 | 208292934 | 第四借阅区/ [索取号:G431/103] | 在馆 | |
| 4 | 0829294 | 208292943 | 教育系资料室/ [索取号:G431/103] | 在馆 | |
| 5 | 0829295 | 208292952 | 第四借阅区/ [索取号:G431/103] | 在馆 |